| 000 | 00821nam a2200229Ia 4500 | ||
|---|---|---|---|
| 003 | OSt | ||
| 005 | 20220923224024.0 | ||
| 006 | a|||||r|||| 00| 0 | ||
| 007 | ta | ||
| 008 | 220922b |||||||| |||| 00| 0 hin d | ||
| 024 | _a224,119 | ||
| 037 | _cTextual | ||
| 040 |
_aARTS _cARTS _bhin |
||
| 041 |
_2hin _ahin |
||
| 082 | _aV2,3.N5, 152P5.1-.2 | ||
| 100 |
_aकश्यप, सुभाष; गुप्त, विश्वप्रकाश _9167742 |
||
| 245 | 0 | _aसंसद का इतिहास | |
| 246 | _aSansad kā itihāsa | ||
| 260 |
_aनई दिल्ली _b राधा पब्लिकेशन्स _c2005 |
||
| 942 |
_hV2,3.N5, 152P5.1-.2 _cTEXL _2CC |
||
| 999 |
_c368712 _d368712 |
||